| 000 | 00629nam a2200217Ia 4500 | ||
|---|---|---|---|
| 003 | OSt | ||
| 005 | 20220923225429.0 | ||
| 006 | a|||||r|||| 00| 0 | ||
| 007 | ta | ||
| 008 | Pun | ||
| 024 | _a267,915 | ||
| 037 | _cTextual | ||
| 040 |
_aARTS _cARTS _bPun |
||
| 041 |
_2Pun _aPun |
||
| 082 | _aP153:(Y:388)v, 153N9 | ||
| 100 | _aਬੇਦੀ, ਤਿਰਲੋਚਨ ਸਿੰਘ | ||
| 245 | 0 | _aਗੁਰਮੁਖੀ ਲਿਪੀ ਦਾ ਜਨਮ ਤੇ ਵਿਕਾF | |
| 260 | _c1999 | ||
| 942 |
_hP153:(Y:388)v, 153N9 _cTEXL _2CC |
||
| 999 |
_c378248 _d378248 |
||